| 000 | 00618nas a2200193 4500 | ||
|---|---|---|---|
| 001 | 000037129 | ||
| 003 | DLC | ||
| 005 | 20200930080147.0 | ||
| 008 | 120216c20019999dr tr1p dd 0 0spa d | ||
| 040 |
_aDO-SdBNP _bspa _cBNPHU |
||
| 043 | _adwdr | ||
| 245 | 0 | 0 | _aBioetiplaza. |
| 246 | 1 | 3 |
_aBioetiplaza : _bHospital General Plaza de la Salud |
| 260 |
_aSanto Domingo : _bHospital General Plaza de la Salud, _c2001. |
||
| 300 |
_av. : _bil. ; _c28 cm. |
||
| 310 | _aTres veces por año | ||
| 362 | 1 | _av. 1. no. 1 (enero - abril del 2001) | |
| 500 | _aCatalogación basada en el ejemplar v. 1. no. 1 (enero - abril del 2001) | ||
| 999 |
_c36619 _d36619 |
||